| 000 | 00526nam a2200169 4500 | ||
|---|---|---|---|
| 001 | 136213 | ||
| 003 | ES-MaACL | ||
| 005 | 20250825063336.0 | ||
| 007 | t| | ||
| 008 | 070214s1967 sp r ||||1| spa d | ||
| 100 | 1 |
_aSabater Tomas, Antonio _9101181 |
|
| 245 | 1 | 4 |
_aLos delincuentes jóvenes _b: estudio sociológico y penal / _cAntonio Sabater Tomás. |
| 260 |
_aBarcelona : _bHispano Europea, _c1967. |
||
| 300 |
_a375 p. : _bil. ; _c21 cm. |
||
| 852 |
_aES-MaACL _jC-33779 _bR.64681 |
||
| 999 |
_c136213 _d136213 |
||